|
|
|
|
| LEADER |
00000cam a2200000 7i4500 |
| 001 |
0000024794 |
| 005 |
20130419.0 |
| 008 |
160313 xxua |
| 020 |
|
|
|a 9780307352187
|
| 040 |
|
|
|a INS
|
| 090 |
0 |
0 |
|a HD58.9
|b M43 2008
|
| 100 |
1 |
|
|a McFarland, Keith R.
|
| 245 |
1 |
4 |
|a The Breakthrough company :
|b how everyday companies become extradinary performers
|c Keith R. McFarland
|
| 260 |
|
|
|a New York :
|b Crown Business ,
|c 2008
|
| 300 |
|
|
|a xii,271p :
|b ill ;
|c 23cm.
|
| 500 |
|
|
|a Includes index
|
| 650 |
|
0 |
|a Industrial management
|
| 650 |
|
0 |
|a leadership
|
| 650 |
|
0 |
|a Organizational effectiveness
|
| 650 |
|
0 |
|a Organizational change
|
| 999 |
|
|
|a 1000000973
|b BOOK
|c Open Shelf
|e Default branch
|